000
00315nam a2200109Ia 4500
008
200302s9999 xx 000 0 und d
100
_a
Emma Felton Ocsana Zelenko and Suzi Vaughan
245
_a
Design and Ethics Reflections on Practice
260
_b
Routledge Taylor & Francis Group
260
_c
2012
300
_a
234
999
_c
3310
_d
3310